Tecnología de la madera y del mueble /
Guardat en:
| Autor principal: | |
|---|---|
| Altres autors: | |
| Format: | Electrònic eBook |
| Idioma: | espanyol alemany |
| Publicat: |
Barcelona, España :
Editorial Reverté,
2025.
|
| Matèries: | |
| Accés en línia: | Digitalia Hispánica |
| Etiquetes: |
Afegir etiqueta
Sense etiquetes, Sigues el primer a etiquetar aquest registre!
|
MARC
| LEADER | 00000nam a2200000Ii 4500 | ||
|---|---|---|---|
| 001 | DIGRVRT0535 | ||
| 003 | NyNyDIG | ||
| 006 | m o d | ||
| 007 | cr ||||||||||| | ||
| 008 | 250606s2025 sp ob 001 0 spa d | ||
| 035 | |a (OCoLC)1519503676 | ||
| 040 | |a DGITA |b eng |e rda |e pn |c DGITA | ||
| 020 | |a 9788429198805 |q pdf | ||
| 020 | |z 9788429114355 |q papel | ||
| 041 | 1 | |a spa |h ger | |
| 050 | 1 | 4 | |a HD9773 ebook |
| 100 | 1 | |a Nutsch, Wolfgang, |e author. | |
| 240 | 1 | 0 | |a Fachkunde für Schreiner. |l Spanish |s (Company Bueno) |
| 245 | 1 | 0 | |a Tecnología de la madera y del mueble / |c W. Nutsch ; versión española por José Company Bueno. |
| 264 | 1 | |a Barcelona, España : |b Editorial Reverté, |c 2025. | |
| 300 | |a 1 online resource. | ||
| 336 | |a text |b txt |2 rdacontent | ||
| 337 | |a computer |b c |2 rdamedia | ||
| 338 | |a online resource |b cr |2 rdacarrier | ||
| 347 | |a text file |2 rdaft | ||
| 347 | |b PDF | ||
| 504 | |a Includes bibliographical references and index. | ||
| 588 | 0 | |a Online resource; title from PDF title page (Digitalia, viewed June 6, 2025) | |
| 650 | 0 | |a Woodworking industries. | |
| 700 | 1 | |a Company Bueno, José, |e translator. | |
| 700 | 1 | |i Translation of: |a Nutsch, Wolfgang. |t Fachkunde für Schreiner. | |
| 791 | 2 | |a Digitalia (Firm), |e distributor. | |
| 793 | 0 | |g Digitalia eBook Collection: |a Editorial Reverté | |
| 776 | 0 | 8 | |i Print version: |a Nutsch, Wolfgang. |s Fachkunde für Schreiner. Spanish (Company Bueno). |t Tecnología de la madera y del mueble. |d Barcelona, España : Editorial Reverté, 1992 |z 9788429114355 |
| 856 | 4 | 0 | |3 Digitalia Hispánica |u https://digitalia.unach.elogim.com/a/174859/ |
| 910 | |a Premium collection: 2025 | ||